000 00762nam a22002177a 4500
003 OSt
005 20260601171016.0
008 260508b1967\\\\|||ao|||\||||\000\0\ger\d
040 _aICI
_bspa
_cICI
_erda
050 _aNC997
_b.S7
100 _aStankowski, Anton
_eautor
_933967
245 _aFunktion und ihre Darstellung in der Werbegrafik = Visual Presentation of Invisible Processes = La fonction et sa représentation dans le dessin publicitaire
264 _aArtur Niggli
_b1967
_cSuiza
300 _a127 páginas
336 _2rdacontent
_atexto
337 _2rdamedia
_asin medio
338 _2rdacarrier
_avolumen
650 _aProcesamiento de datos
_xRepresentación gráfica
_933968
650 _aVisualización de la información
942 _2lcc
_n1
_cB
999 _c20694
_d20694